Normal view
MARC view
- Zarowski, Christopher J
Entry Personal Name
001 - CONTROL NUMBER
- control field: 55700
003 - CONTROL NUMBER IDENTIFIER
- control field: NUST
005 - DATE AND TIME OF LATEST TRANSACTION
- control field: 20210628201532.0
008 - FIXED-LENGTH DATA ELEMENTS
- fixed length control field: 210628|| aca||aabn | a|a d
040 ## - CATALOGING SOURCE
- Original cataloging agency: NUST
- Transcribing agency: NUST
100 ## - HEADING--PERSONAL NAME
- Personal name: Zarowski, Christopher J
670 ## - SOURCE DATA FOUND
- Source citation: Work cat.: (NUST): Zarowski, Christopher J., An introduction to numerical analysis for electrical and computer engineers /, c2004.
